Chaperonin-mediated protein folding part 1 /
Saved in:
| Other Authors: | |
|---|---|
| Format: | Electronic |
| Language: | English |
| Published: |
London :
Henry Stewart Talks,
2012.
|
| Series: | Henry Stewart talks. Biomedical & life sciences collection. Topical talks.
|
| Subjects: | |
| Tags: |
Add Tag
No Tags, Be the first to tag this record!
|
| LEADER | 01855ngm a22003375a 4500 | ||
|---|---|---|---|
| 001 | 014242565-6 | ||
| 005 | 20150116184923.0 | ||
| 006 | m|||||o||c|||||||| | ||
| 008 | 121016s2012 enk|||||||||||o|||v|eng d | ||
| 035 | |a (HSTalks)HST3194_1_2_20141204 | ||
| 040 | |a UKHST |c UKHST | ||
| 040 | |a HSTalks |b eng |c HSTalks | ||
| 100 | 1 | |a Horwich, Arthur. |4 spk | |
| 245 | 1 | 0 | |a Chaperonin-mediated protein folding |h [electronic resource] : |b part 1 / |c Arthur Horwich. |
| 246 | 3 | |a Chaperonin-mediated protein folding, Part 1 | |
| 260 | |a London : |b Henry Stewart Talks, |c 2012. | ||
| 300 | |a 1 streaming video file (45 min.) : |b digital, mono., SWF file, sd., col. | ||
| 490 | 1 | |a Topical talks : talks of interest in the biomedical and life sciences | |
| 500 | |a Animated audio-visual presentation with synchronized narration. | ||
| 500 | |a Title from title frames. | ||
| 505 | 0 | |a Contents: Chaperonin-mediated protein folding by GroEL/GroES -- Folding of newly-translated protein -- Currently known Molecular chaperones (including the Heat shock protein Hsp group) -- Recognition of non native proteins by Hsps and formation of aggregates -- Aggregates and neurodegenerative disease -The discovery of the chaperonin-mediated folding -- The structure of the GroES/GroeEL chaperonin class of molecular chaperones -- The steps of polypeptide binding and folding -- The action of ATP binding and hydrolysis in driving the rings of the machine through cycles of binding and release cycle. | |
| 650 | 0 | 0 | |a Molecular chaperones. |
| 650 | 0 | 0 | |a Protein folding. |
| 650 | 0 | 2 | |a Chaperonin 10 |x metabolism. |
| 650 | 0 | 2 | |a Chaperonin 60 |x metabolism. |
| 650 | 0 | 2 | |a Chaperonins |x metabolism. |
| 650 | 0 | 2 | |a Molecular Chaperones. |
| 650 | 0 | 2 | |a Protein Folding. |
| 830 | 0 | |a Henry Stewart talks. |p Biomedical & life sciences collection. |p Topical talks. | |
| 988 | |a 20141204 | ||
| 906 | |0 OCLC | ||